00789nam a2200229 a 450000100100000000500170001000800410002702000150006804000250008308200240010810000200013224500790015225000110023126000340024230000210027650400310029765000210032870000340034991000370038395201220042099900170054200003556220200930074432.0111103s1994 sp 000 0 spa d a8472453367 aDO-SdBNPbspacBNPHU a299.514bZ64L, 19941 aLie, Zie96146413aEl libro de la perfecta vacuidad /cLie Zi; traducción Iñaki Preciado. a2a ed. aBarcelona :bKairós,c1994. a210 p. ;c20 cm. aBibliografía: p. 207-209 4aTaoísmo94634812aPreciado, Iñakictr.961465 aValidado. Control de calidad MFF 001050718MOaGRbGRcHDd2011-11-03iLF1l0o299.514 Z64L, 1994p35562-10r2020-06-25w2020-06-25y1ZNo se presta c35053d35053